| 000 | 00515cam a22001937a 4500 | ||
|---|---|---|---|
| 001 | 000929 | ||
| 003 | armpunfd | ||
| 005 | 20140612090625.0 | ||
| 008 | 011019e1982####xx#a##########000#0#und#d | ||
| 040 |
_aarmpunfd _carmpunfd |
||
| 080 | _a347.736 UN 3 | ||
| 100 | 1 | 0 | _a Universidad Nacional Del Nordeste |
| 245 | 1 | 0 | _aPrimer congreso nacional de derecho concursal |
| 260 |
_a Chaco _b Unn _c1982 |
||
| 300 | _a263p. | ||
| 650 | 7 |
_a Derecho Concursal _2LEMB |
|
| 942 |
_cLB _2cdu |
||
| 945 |
_aCatalis _d2010-08-19 |
||
| 999 |
_c920 _d231424 |
||